000 00797nam a2200241 i 4500
001 128167
003 ES-MaACL
005 20230906193200.0
007 t|
008 070622s1960 sp ||||1| spa d
080 _a929:61 Marañón, Gregorio
080 _a821.134.2 Marañón, Gregorio 1.07
100 1 _aGranjel, Luis S.
_959645
245 1 0 _aGregorio Marañón :
_bsu vida y su obra /
_cLuis S. Granjel.
260 _aMadrid :
_bGuadarrama,
_c1960.
300 _a244 p., 12 lám. ;
_c19 cm.
490 1 _aGuadarrama ;
_v29
600 1 4 _aMarañón, Gregorio,
_d1887-1960-
_xBiografías
_976312
600 1 4 _aMarañón, Gregorio,
_d1887-1960-
_xCrítica e interpretación
_9174358
830 1 _aGuadarrama ;
_v29
_9186724
852 4 _aES-MaACL
_jC-19732
999 _c128167
_d128167